Theory & design of switching circuits /

Guardado en:
Autor Principal: Friedman, Arthur D.
Otros Autores: Menon, Premachandran R.
Formato: Libro
Idioma:English
Publicado: Woodland Hills, Calif. : Computer Science Press, c1975.
Series:Digital system design series
Materias:
Etiquetas: Agregar Etiqueta
Sin Etiquetas, Sea el primero en etiquetar este registro!
LEADER 00916cam a22002535a 4500
001 EIQ.libpla002855
008 750515s1975####caua#####b####001#0#eng#d
005 20071003183719.0
245 1 0 |a Theory & design of switching circuits /  |c Arthur D. Friedman, Premachandran R. Menon. 
260 |a Woodland Hills, Calif. :  |b Computer Science Press,  |c c1975. 
300 |a xii, 581 p. :  |b il. ;  |c 24 cm. 
440 0 |a Digital system design series 
504 |a Incluye referencias bibliográficas e índice. 
020 |a 0914894528 
100 1 |a Friedman, Arthur D. 
700 1 |a Menon, Premachandran R. 
082 0 0 |a 621.3815/37 
650 4 |a Circuitos de conmutación  |x Teoría. 
650 4 |a Circuitos de conmutación  |x Diseño. 
650 4 |a Switching circuits  |x Theory. 
650 4 |a Switching circuits  |x Design. 
010 |a  75015888  
040 |a DLC  |c DLC  |d AR-BbSID 
859 |a AR-BbSID  |b BIB. PLAPIQUI  |h 621.381 5  |i F 874  |p 2414